An assessment of small medium enterprises(smes) development at the border twin cities of the gms: a case study of aranyprathet(thailand), mukdahan(thialan) ,ar sao(thialand), savannakhet(lao pdr) and tachileik (myanmar) (Record no. 9734)

000 -LEADER
fixed length control field 00417nam a22001217a 4500
040 ## - CATALOGING SOURCE
Transcribing agency SY
082 ## - DEWEY DECIMAL CLASSIFICATION NUMBER
Classification number 621
100 ## - MAIN ENTRY--AUTHOR NAME
Personal name NA
245 ## - TITLE STATEMENT
Title An assessment of small medium enterprises(smes) development at the border twin cities of the gms: a case study of aranyprathet(thailand), mukdahan(thialan) ,ar sao(thialand), savannakhet(lao pdr) and tachileik (myanmar)
260 ## - PUBLICATION, DISTRIBUTION, ETC. (IMPRINT)
Place of publication RUA
Name of publisher NA
Year of publication 2010
300 ## - PHYSICAL DESCRIPTION
Number of Pages 34p.
942 ## - ADDED ENTRY ELEMENTS (KOHA)
Koha item type សៀវភៅភាសាអង់គ្លេស
952 ## - LOCATION AND ITEM INFORMATION (KOHA)
Withdrawn status [LOCAL, KOHA] 0
952 ## - LOCATION AND ITEM INFORMATION (KOHA)
Withdrawn status [LOCAL, KOHA] 0
952 ## - LOCATION AND ITEM INFORMATION (KOHA)
Withdrawn status [LOCAL, KOHA] 0
Holdings
Permanent Location Date acquired Koha item type Lost status Shelving location Barcode Current Location Full call number
Library Block C2016-09-08សៀវភៅភាសាអង់គ្លេស C236RUA046022Library Block C621 NA 2010 C236
Library Block C2016-11-17សៀវភៅភាសាអង់គ្លេស C236RUA045176Library Block C621 NA 2010 C236
Library Block C2016-11-17សៀវភៅភាសាអង់គ្លេស C236RUA045116Library Block C621 NA 2010 C236
មជ្ឈមណ្ឌលឯការនៃសាកលវិទ្យាល័យភូមិន្ទកសិកម្មចំការដូង

Powered by Koha